A-Z Famous People - New Jersey - Statistics

General Stats
  • This quiz has been taken 125 times
  • The average score is 13 of 26
Answer Stats
Picture Hint Answer % Correct
T - Actor John Travolta
88%
S - Singer & Actor Frank Sinatra
87%
H - Singer & Actress Whitney Houston
83%
N - Actor & Filmmaker Jack Nicholson
82%
A - Astronaut & Engineer Buzz Aldrin
79%
O - Basketball Player Shaquille O'Neal
78%
R - Actor & Comedian Paul Rudd
75%
B - Singer & Guitarist Jon Bon Jovi
72%
J - Musician & TV Personality Kevin Jonas
70%
L - Rapper & Actress Queen Latifah
69%
D - Actor Peter Dinklage
66%
I - Rapper & Actor Ice-T
64%
G - Actor James Gandolfini
61%
C - Magician David Copperfield
57%
P - Actor Joe Pesci
55%
M - Novelist & Producer George R. R. Martin
38%
W - Actor & Producer Patrick Warburton
27%
V - Actor Lee Van Cleef
24%
K - Actress Jane Krakowski
22%
Z - Actor Ian Ziering
18%
Y - Jazz Organist Larry Young
13%
F - Actress Melissa Fumero
13%
U - Character Actor James Urbaniak
5%
E - Writer Janet Evanovich
3%
Q - Writer Matthew Quick
3%
X - Rapper & Actor Chino XL
2%
No matching quizzes found
Score Distribution
Percent of People with Each Score
Percentile by Number Answered
Your Score History
You have not taken this quiz